[Event "ROM-ch U12"]
[Site "Calimanesti Caciulata"]
[Date "2019.04.16"]
[Round "2"]
[White "Mocan, Radu Adrian"]
[Black "Filip, Andrei"]
[Result "0-1"]
[WhiteElo "1491"]
[BlackElo "1945"]
[PlyCount "58"]
[EventDate "2019.04.15"]
[EventType "swiss"]
[EventRounds "9"]
[EventCountry "ROU"]
[SourceTitle "CBM 190 Extra"]
[Source "ChessBase"]
[SourceDate "2019.07.15"]
[SourceVersion "1"]
[SourceVersionDate "2019.07.15"]
[SourceQuality "1"]

1. d4 Nf6 2. Bg5 e6 3. e4 h6 4. Bxf6 Qxf6 5. Nf3 d5 6. e5 Qd8 7. Bd3 c5 8. c3 Qb6 9. Qb3 Qc7 10. Bb5+ Bd7 11. Bxd7+ Nxd7 12. 0-0 Be7 13. Nbd2 0-0 14. Rfe1 Rfc8 15. Rab1 Nb6 16. Qd1 cxd4 17. Nxd4 Nc4 18. Nxc4 dxc4 19. Qf3 Rd8 20. g3 Rd5 21. Qe4 Rad8 22. Rbd1 Bc5 23. Rd2 Bxd4 24. Rxd4 Rxd4 25. cxd4 Qb6 26. Qc2 Rxd4 27. Rc1 Qc5 28. b3 b5 29. bxc4 Rxc4 0-1

[Event "ROM-ch U12"]
[Site "Calimanesti"]
[Date "2018.04.03"]
[Round "9"]
[White "Mocan, Radu Adrian"]
[Black "Tanase, Andrei P"]
[Result "1-0"]
[WhiteElo "1376"]
[BlackElo "1248"]
[PlyCount "83"]
[EventDate "2018.03.27"]
[EventType "swiss"]
[EventRounds "9"]
[EventCountry "ROU"]
[SourceTitle "CBM 183 Extra"]
[Source "ChessBase"]
[SourceDate "2018.04.19"]
[SourceVersion "1"]
[SourceVersionDate "2018.04.19"]
[SourceQuality "1"]

1. d4 e6 2. c4 Nf6 3. Nc3 d5 4. Bg5 Be7 5. e3 b6 6. Nf3 Bb7 7. Bd3 dxc4 8. Bxc4 0-0 9. 0-0 h6 10. Bh4 Nh5 11. Bxe7 Qxe7 12. e4 Nf6 13. e5 Nd5 14. Nxd5 exd5 15. Bb3 Nd7 16. Rc1 c5 17. dxc5 Nxc5 18. Re1 Nxb3 19. Qxb3 Rac8 20. Rcd1 Rc7 21. Nd4 Rd7 22. e6 fxe6 23. Nxe6 Re8 24. Re3 Qf6 25. Nc5 Red8 26. Nxd7 Rxd7 27. h3 Re7 28. Rde1 Rd7 29. Re8+ Kh7 30. Qd3+ g6 31. Qe2 Ba6 32. Qxa6 h5 33. Qe2 Kh6 34. Qe3+ Qg5 35. Rh8+ Kg7 36. Qxg5 Rf7 37. Qh6+ Kf6 38. Re3 Rd7 39. Rf8+ Rf7 40. Qf4+ Kg7 41. Rxf7+ Kg8 42. Re8# 1-0

[Event "ROM-ch U12"]
[Site "Calimanesti"]
[Date "2018.04.01"]
[Round "7"]
[White "Mocan, Radu Adrian"]
[Black "Tampea, Radu"]
[Result "0-1"]
[WhiteElo "1376"]
[BlackElo "1752"]
[PlyCount "86"]
[EventDate "2018.03.27"]
[EventType "swiss"]
[EventRounds "9"]
[EventCountry "ROU"]
[SourceTitle "CBM 183 Extra"]
[Source "ChessBase"]
[SourceDate "2018.04.19"]
[SourceVersion "1"]
[SourceVersionDate "2018.04.19"]
[SourceQuality "1"]

1. d4 f5 2. Bg5 h6 3. Bh4 g6 4. f3 Bg7 5. Bf2 Nf6 6. Nc3 d5 7. e3 c6 8. Nge2 0-0 9. h4 Qe8 10. Nf4 Na6 11. a3 Nc7 12. Nd3 Nd7 13. Qd2 e5 14. 0-0-0 Ne6 15. dxe5 Nxe5 16. Nxe5 Bxe5 17. f4 Bg7 18. h5 b5 19. hxg6 a5 20. Nb1 Nc5 21. Bd3 Qe7 22. Be1 Re8 23. Bf1 Ne4 24. Qd3 Nc5 25. Qd2 Na4 26. c3 Nc5 27. Rh3 Nb3+ 28. Kc2 Nxd2 29. Rxd2 b4 30. Bh4 Qc5 31. Bf2 bxc3 32. bxc3 Qe7 33. Bh4 Qe4+ 34. Bd3 Qa4+ 35. Kc1 Rb8 36. Bc2 Qb5 37. Bd3 Qc5 38. Kc2 a4 39. Re2 Rb3 40. Kd1 Ba6 41. Bxa6 Rxb1+ 42. Kc2 Qxc3+ 43. Kxb1 Rb8+ 0-1

[Event "ROM-ch U12"]
[Site "Calimanesti"]
[Date "2018.03.29"]
[Round "3"]
[White "Mocan, Radu Adrian"]
[Black "Poparlan, Stefan"]
[Result "1-0"]
[WhiteElo "1376"]
[BlackElo "1001"]
[PlyCount "87"]
[EventDate "2018.03.27"]
[EventType "swiss"]
[EventRounds "9"]
[EventCountry "ROU"]
[SourceTitle "CBM 183 Extra"]
[Source "ChessBase"]
[SourceDate "2018.04.19"]
[SourceVersion "1"]
[SourceVersionDate "2018.04.19"]
[SourceQuality "1"]

1. d4 d5 2. c4 e6 3. e3 Nf6 4. a3 g6 5. Nc3 Bg7 6. Nf3 0-0 7. Qc2 Nc6 8. Bd2 b6 9. cxd5 exd5 10. Bb5 Bb7 11. h3 Re8 12. Ne5 Qd6 13. Ne2 Ne4 14. Nxc6 Nxd2 15. Kxd2 Qf6 16. Ne5 Rec8 17. Bd7 Qd8 18. Bxc8 Qxc8 19. f4 Bxe5 20. fxe5 Qf5 21. Qxf5 gxf5 22. g4 fxg4 23. Rag1 Ba6 24. Rxg4+ Kf8 25. Rhg1 Bxe2 26. Kxe2 Ke7 27. Rg8 Rxg8 28. Rxg8 c5 29. Rg7 c4 30. Rxh7 a5 31. Rg7 b5 32. h4 b4 33. a4 b3 34. Kd2 Kf8 35. Rg1 Ke7 36. h5 Ke6 37. h6 c3+ 38. Kxc3 f6 39. Rg6 Kf5 40. Rxf6+ Ke4 41. h7 Kxe3 42. h8Q Ke4 43. Qh1+ Ke3 44. Qf3# 1-0

[Event "ROM-ch U12"]
[Site "Calimanesti"]
[Date "2018.03.29"]
[Round "4"]
[White "Radoi, Matei"]
[Black "Mocan, Radu Adrian"]
[Result "1-0"]
[WhiteElo "1494"]
[BlackElo "1376"]
[PlyCount "94"]
[EventDate "2018.03.27"]
[EventType "swiss"]
[EventRounds "9"]
[EventCountry "ROU"]
[SourceTitle "CBM 183 Extra"]
[Source "ChessBase"]
[SourceDate "2018.04.19"]
[SourceVersion "1"]
[SourceVersionDate "2018.04.19"]
[SourceQuality "1"]

1. b3 d5 2. Bb2 Nc6 3. Nf3 Bg4 4. d4 Bxf3 5. exf3 e6 6. Bd3 Nf6 7. 0-0 Nb4 8. Be2 Be7 9. a3 Nc6 10. Nd2 0-0 11. f4 Bd6 12. g3 Ne7 13. Nf3 c6 14. Ne5 Nd7 15. Re1 Ng6 16. Bd3 Be7 17. f5 Ngxe5 18. dxe5 exf5 19. Bxf5 Nc5 20. b4 Ne6 21. Qg4 Qc8 22. Bc1 Re8 23. h4 Bf8 24. h5 Kh8 25. Kg2 Qd8 26. Rh1 h6 27. Bd3 Ng5 28. Qf5 Qc8 29. Qf4 Qe6 30. Bb2 a5 31. Bf5 Qe7 32. bxa5 Rxa5 33. Rae1 Rc5 34. Re2 Rc4 35. Qd2 d4 36. Rh4 d3 37. Rxc4 dxe2 38. Qxe2 b5 39. Rxc6 Qb7 40. Be4 Nxe4 41. Qxe4 Rc8 42. Rxh6+ gxh6 43. Qxb7 Rxc2 44. Qxf7 Rxf2+ 45. Qxf2 Bg7 46. Qf7 b4 47. Qe8+ Kh7 1-0